Sociálna politika Slovenskej republiky v roku 2000
Saved in:
| Format: | Book |
|---|---|
| Language: | Slovak |
| Published: |
Bratislava
Ministerstvo práce, sociálnych vecí a rodiny Slovenskej republiky
2001
|
| Subjects: | |
| Tags: |
No Tags, Be the first to tag this record!
|
MARC
| LEADER | 00000nam a2200000 4500 | ||
|---|---|---|---|
| 001 | c140188 | ||
| 005 | 20221124103838.0 | ||
| 020 | |a 80-7138-108-X | ||
| 041 | 0 | |a slo | |
| 044 | |a SK | ||
| 245 | 1 | 0 | |a Sociálna politika Slovenskej republiky v roku 2000 |
| 264 | 1 | |a Bratislava |b Ministerstvo práce, sociálnych vecí a rodiny Slovenskej republiky |c 2001 | |
| 300 | |a 116 s. | ||
| 610 | 2 | 0 | |a politika sociálna |
| 610 | 2 | 0 | |a Slovensko |
| 610 | 2 | 0 | |a údaje štatistické |
| 610 | 2 | 0 | |a nezamestnanosť |
| 610 | 2 | 0 | |a mzdy |
| 610 | 2 | 0 | |a poistenie nemocenské |
| 610 | 2 | 0 | |a situácia sociálna |
| 610 | 2 | 0 | |a úroveň životná |
| 610 | 2 | 0 | |a obyvateľstvo |
| 610 | 2 | 0 | |a vývoj sociálny |
| 610 | 2 | 0 | |a demografia |
| 610 | 2 | 0 | |a ukazovatele sociálne |
| 610 | 2 | 0 | |a ceny spotrebiteľské |
| 610 | 2 | 0 | |a náklady životné |
| 610 | 2 | 0 | |a príjmy obyvateľstva |
| 610 | 2 | 0 | |a výdavky obyvateľstva |
| 610 | 2 | 0 | |a pomoc sociálna |
| 610 | 2 | 0 | |a 2000 |